• 首页
  • 本馆介绍
  • 公告通知
  • 最新文献
  • 馆藏检索
  • 电子资源
  • 读者导购
  • 参考咨询
  • 我的图书馆
  • 登录
  • 详细信息显示
  • 放入我的书架
  • 预约/预借图书
  • 作者相关作品
  • 分类相关作品
  • 丛书相关作品
  • 出版社相关作品

书目信息

  • 表格格式
  • 工作单格式
  • 卡片格式
题名:
北京市金属切削刀具汇编
    
 
作者: 北京市技术交流站 著
分册:  
出版信息: 北京   北京出版社  
页数: 60页
开本: 20cm
丛书名:
单 册:
中图分类: TG506.8
科图分类:
主题词: 金属切削 , 机床 , 金属加工--机具
电子资源:
ISBN:
000 00638nam0 2200217 45
001 0312221749
005 20031222170911.5
010    @dCNY0.28
100    @a20031222d km y0chiy0120 ea
101    @achi
105    @a z 000yy
200 1  @a北京市金属切削刀具汇编@ABei Jing Shi Jin Shu Qie Xue Dao Ju Hui Bian@f北京市技术交流站著@FBei Jing Shi Ji Shu Jiao Liu Zhan Zhu
210    @a北京@c北京出版社
215    @a60页@d20cm
606 0  @a金属切削
606 0  @a机床
606 0  @a金属加工@x机具
690    @aTG506.8@v3
701 0  @a北京市技术交流站@4著
801    @aCN@bTSTCL@c20031222
905    @a213230@dTG506.8@e17:3@b59790-791@f2
    
    北京市金属切削刀具汇编/北京市技术交流站著.-北京:北京出版社
    60页;20cm
    
    
    ISBN :CNY0.28
    
●
相关链接 在E读中查询图书 在五车中查询图书 在当当中查询图书 在豆瓣中查询图书


正题名:北京市金属切削刀具汇编     索取号:TG506.8/17:3         预约/预借

序号 登录号 条形码 馆藏地/架位号 状态 备注
1 0059790   001362983   第三借阅区/ [索取号:TG506.8/17:3] 在馆    
2 0059791   001363027   第二样本阅览室/ [索取号:TG506.8/17:3] 在馆    
唐山师范学院图书馆 欢迎您!
大连网信软件有限公司© 版权所有